[Event "Porto San Giorgio op 23rd"]
[Site "Porto San Giorgio"]
[Date "2011.08.26"]
[Round "7"]
[White "Franzini, Stefano"]
[Black "Briffault, Philippe"]
[Result "0-1"]
[WhiteElo "1848"]
[BlackElo "1955"]
[PlyCount "100"]
[EventDate "2011.08.21"]
[EventType "swiss"]
[EventRounds "9"]
[EventCountry "ITA"]
[SourceTitle "CBM 144 Extra"]
[Source "ChessBase"]
[SourceDate "2011.10.28"]
[SourceVersion "1"]
[SourceVersionDate "2011.10.28"]
[SourceQuality "1"]

1. Nf3 Nf6 2. g3 g6 3. Bg2 Bg7 4. d4 0-0 5. c4 d6 6. 0-0 c6 7. Nc3 Nbd7 8. a4 a5 9. Re1 Qc7 10. e4 e5 11. d5 h6 12. Be3 Ng4 13. Qd2 Nxe3 14. Rxe3 c5 15. Nb5 Qb8 16. Nh4 Nb6 17. b3 Kh7 18. Rf1 f5 19. Rd3 Bd7 20. Nc3 Qd8 21. h3 Qe7 22. Kh2 Nc8 23. Nf3 Qe8 24. Ng1 Ne7 25. f3 Ng8 26. Nce2 h5 27. Nc3 Qe7 28. Qc2 Bh6 29. Nd1 Rf7 30. Nc3 Raf8 31. Rdd1 h4 32. g4 Bf4+ 33. Kh1 Bc8 34. Rb1 Qg5 35. Rfd1 Nh6 36. Nb5 Rd8 37. Nc3 Ng8 38. Qd3 Nf6 39. Nge2 Bg3 40. Nxg3 hxg3 41. Ne2 Qh4 42. Ng1 Kg7 43. Rbc1 Rh8 44. Rc2 fxg4 45. fxg4 Nxg4 46. Nf3 Qh5 47. Kg1 Nf2 48. Qe2 Nxh3+ 49. Bxh3 Bxh3 50. Re1 Rxf3 0-1

[Event "Bratto op-B 28th"]
[Site "Bratto"]
[Date "2008.08.27"]
[Round "5"]
[White "Napoli, Ferdinando"]
[Black "Franzini, Stefano"]
[Result "0-1"]
[WhiteElo "1829"]
[BlackElo "1860"]
[PlyCount "113"]
[EventDate "2008.08.23"]
[EventType "swiss"]
[EventRounds "9"]
[EventCountry "ITA"]
[SourceTitle "EXT 2011"]
[Source "ChessBase"]
[SourceDate "2010.11.26"]
[SourceVersion "1"]
[SourceVersionDate "2010.11.26"]
[SourceQuality "1"]

1. e4 c5 2. Nf3 Nc6 3. d4 cxd4 4. Nxd4 e5 5. Nb5 d6 6. c4 a6 7. N5c3 Be6 8. Na3 Nf6 9. f3 Be7 10. Be3 0-0 11. Qd2 Rc8 12. Rc1 Ne8 13. Nc2 f5 14. exf5 Bxf5 15. Bd3 Bxd3 16. Qxd3 Bh4+ 17. Ke2 Bg5 18. a3 Kh8 19. Nd5 Bxe3 20. Ndxe3 Qg5 21. h4 Qg3 22. Rcd1 Nf6 23. Rh3 e4 24. Rxg3 exd3+ 25. Kxd3 Nh5 26. Rg5 g6 27. Kc3 Rf6 28. Rgd5 Nf4 29. R5d2 Ne5 30. Nb4 b5 31. b3 a5 32. Nbd5 Rf7 33. Nxf4 Rxf4 34. Rxd6 bxc4 35. Rd8+ Rxd8 36. Rxd8+ Kg7 37. bxc4 Rxh4 38. Rd5 Kf6 39. Rxa5 Rh1 40. Kd2 Rg1 41. Ra6+ Kg5 42. c5 Rb1 43. Rb6 Ra1 44. Rb3 Ra2+ 45. Kc3 Kf4 46. Kd4 Rd2+ 47. Kc3 Rd3+ 48. Kb4 Nc6+ 49. Ka4 Rxb3 50. Kxb3 Kxe3 51. Kc4 Kf2 52. Kd5 Na7 53. c6 Kxg2 54. c7 h5 55. Kc5 h4 56. Kb6 Nc8+ 57. Kb7 0-1

[Event "Bratto op-B 27th"]
[Site "Bratto"]
[Date "2007.08.28"]
[Round "5"]
[White "Franzini, Stefano"]
[Black "Trussardi, Giuseppe"]
[Result "1-0"]
[WhiteElo "1905"]
[BlackElo "1702"]
[PlyCount "95"]
[EventDate "2007.08.24"]
[EventType "swiss"]
[EventRounds "8"]
[EventCountry "ITA"]
[SourceTitle "CBM 120 Extra"]
[Source "ChessBase"]
[SourceDate "2007.11.01"]
[SourceVersion "1"]
[SourceVersionDate "2007.11.01"]
[SourceQuality "1"]

1. e4 d6 2. d4 Nf6 3. Bd3 c6 4. f4 g6 5. Nf3 Bg7 6. c3 0-0 7. 0-0 e6 8. Na3 d5 9. e5 Nfd7 10. Qe1 c5 11. Nc2 Nc6 12. Qg3 c4 13. Be2 Ne7 14. Ne3 b5 15. Nh4 Kh8 16. f5 exf5 17. Nexf5 Nxf5 18. Nxf5 gxf5 19. Rxf5 Nc5 20. Rh5 Ne4 21. Qe3 Qe7 22. Bf3 f5 23. Bxe4 fxe4 24. Qg3 Bf5 25. Bg5 Qf7 26. Rh4 Qe6 27. Rf4 Qg6 28. Qh4 Kg8 29. Raf1 Rac8 30. h3 Be6 31. Bf6 Bh6 32. Rg4 Bxg4 33. hxg4 Be3+ 34. Kh2 Qh6 35. g3 Qxh4+ 36. gxh4 Bh6 37. g5 Bg7 38. Rg1 Kf7 39. h5 Bxf6 40. Rf1 Ke6 41. gxf6 Kf7 42. Kg3 Rg8+ 43. Kf4 h6 44. b3 Rg5 45. bxc4 bxc4 46. Rb1 Rxh5 47. Rb7+ Kg6 48. Rg7# 1-0

[Event "Bratto op-B 27th"]
[Site "Bratto"]
[Date "2007.08.26"]
[Round "3"]
[White "Franzini, Stefano"]
[Black "Davi, Alessandro"]
[Result "0-1"]
[WhiteElo "1905"]
[BlackElo "1834"]
[PlyCount "102"]
[EventDate "2007.08.24"]
[EventType "swiss"]
[EventRounds "8"]
[EventCountry "ITA"]
[SourceTitle "CBM 120 Extra"]
[Source "ChessBase"]
[SourceDate "2007.11.01"]
[SourceVersion "1"]
[SourceVersionDate "2007.11.01"]
[SourceQuality "1"]

1. e4 c6 2. d4 d5 3. f3 e6 4. Nc3 Nd7 5. Bd3 Nb6 6. Nge2 c5 7. Ng3 cxd4 8. Bb5+ Bd7 9. Qxd4 Rc8 10. Bd3 h6 11. exd5 Nxd5 12. Nxd5 Bc6 13. Be3 Bxd5 14. Bb5+ Bc6 15. Qxd8+ Kxd8 16. Rd1+ Ke8 17. Bxc6+ Rxc6 18. c3 b6 19. Bd4 e5 20. Be3 g6 21. Rd5 Bg7 22. 0-0 Ne7 23. Rd3 f5 24. Bf2 Kf7 25. Rfd1 Rhc8 26. Rd7 R8c7 27. Nf1 Ke6 28. R7d2 b5 29. Ne3 Bf6 30. Nc2 a5 31. Ne3 b4 32. c4 Bg5 33. b3 Bxe3 34. Bxe3 f4 35. Bf2 g5 36. Kf1 h5 37. Ke2 g4 38. c5 Nf5 39. Rd8 g3 40. hxg3 fxg3 41. Bg1 Rc8 42. R8d7 Nd4+ 43. R1xd4 exd4 44. Rxd4 Rxc5 45. Re4+ Re5 46. Bb6 Rxe4+ 47. fxe4 Rc2+ 48. Kf3 h4 49. Bd8 Rxa2 50. Bc7 Ra3 51. Kg4 Rxb3 0-1